[Event "8th Sunway Sitges 2021"]
[Site "Sitges ESP"]
[Date "2021.12.17"]
[Round "5.26"]
[White "Quintiliano Pinto, Renato R."]
[Black "Gomes, Mary Ann"]
[Result "0-1"]
[WhiteTitle "IM"]
[BlackTitle "WGM"]
[WhiteElo "2466"]
[BlackElo "2354"]
[WhiteFideId "2117568"]
[BlackFideId "5013623"]
[EventDate "2021.12.13"]

1. Nf3 Nf6 2. c4 c5 3. Nc3 Nc6 4. d4 cxd4 5. Nxd4 g6 6. e4 Bg7 7. Be3 O-O 8. Be2
Nxd4 9. Bxd4 d6 10. O-O Bd7 11. h3 Bc6 12. Qc2 Rc8 13. Rad1 Qc7 14. Rfe1 a6 15.
Nd5 Bxd5 16. exd5 b5 17. b3 Rfe8 18. Qb2 Qb7 19. Bf1 Nh5 20. Qd2 Bxd4 21. Qxd4
b4 22. Be2 Ng7 23. Bg4 Rc5 24. Qd2 a5 25. Re2 a4 26. Rde1 axb3 27. axb3 Ra5 28.
Qg5 e5 29. f4 f5 30. fxe5 fxg4 31. hxg4 dxe5 32. Rxe5 Qb6+ 33. Kh1 Rf8 34. Re7
Qd4 35. Rd7 Ra2 36. Rd8 Rf2 37. Rxf8+ Rxf8 38. Kh2 Ne8 39. Qe5 Qxe5+ 40. Rxe5
Nf6 41. Re6 Nd7 42. Rc6 Kf7 43. Kg3 Ra8 44. c5 Ke7 45. Kf4 Ra5 46. Re6+ Kf7 47.
c6 Nb6 0-1

[Event "8th Sunway Sitges 2021"]
[Site "Sitges ESP"]
[Date "2021.12.17"]
[Round "5.27"]
[White "Sieber, Fiona"]
[Black "Taher, Yoseph Theolifus"]
[Result "1/2-1/2"]
[WhiteTitle "WIM"]
[BlackTitle "IM"]
[WhiteElo "2225"]
[BlackElo "2455"]
[WhiteFideId "12902373"]
[BlackFideId "7105347"]
[EventDate "2021.12.13"]

1. e4 g6 2. d4 Bg7 3. Nc3 c6 4. Be3 Qb6 5. Qd2 Qxb2 6. Rb1 Qa3 7. Bc4 d6 8. Nf3
Nf6 9. e5 Ng4 10. exd6 Nxe3 11. fxe3 Qxd6 12. Ne4 Qd8 13. Nfg5 O-O 14. O-O e6
15. Qf2 Qe7 16. Qg3 b5 17. Bb3 f6 18. Qd6 Qxd6 19. Nxd6 Bh6 20. Bxe6+ Bxe6 21.
Nxe6 Nd7 22. Rbe1 Rf7 23. Nxf7 Kxf7 24. Nf4 Nb6 25. Nd3 Ke7 26. Rf3 Bg7 27. e4
a5 28. Rh3 Rh8 29. d5 cxd5 30. exd5+ Kf7 31. d6 Bf8 32. d7 Nxd7 33. Rhe3 Nc5 34.
Kf1 Bd6 35. Nxc5 Bxc5 36. Rd3 g5 37. Rd7+ Kg6 38. Re6 Rc8 39. Ke2 Bg1 40. g4
Rxc2+ 41. Kf1 Bc5 42. Rc6 h5 43. h3 hxg4 44. hxg4 Rc4 45. Rcc7 Rf4+ 46. Ke2 Bf8
47. Rf7 Bh6 48. Ra7 Rxg4 49. Rfb7 Re4+ 50. Kf3 Rf4+ 51. Kg3 Bf8 52. Rxa5 b4 53.
Rb6 Be7 54. Ra4 Rd4 55. Raa6 Kh5 56. Re6 Bd8 57. Rec6 Kg6 58. Kf3 Be7 59. Re6
Rf4+ 60. Kg3 Bc5 61. Re8 Rc4 62. Ra5 Bd6+ 63. Kf3 Rf4+ 64. Kg2 Kh5 65. Re6 Be5
66. Rexe5 fxe5 67. Rxe5 Rc4 68. Re2 Kg4 69. Rb2 Kf4 70. Rb3 Rc2+ 71. Kg1 1/2-1/2

[Event "8th Sunway Sitges 2021"]
[Site "Sitges ESP"]
[Date "2021.12.17"]
[Round "5.28"]
[White "Karthikeyan, Murali"]
[Black "Kenneskog, Theodor"]
[Result "1-0"]
[WhiteTitle "GM"]
[BlackTitle "FM"]
[WhiteElo "2630"]
[BlackElo "2307"]
[WhiteFideId "5074452"]
[BlackFideId "1715011"]
[EventDate "2021.12.13"]

1. e4 e5 2. Nf3 Nc6 3. Bb5 a6 4. Ba4 Nf6 5. d3 b5 6. Bb3 Bc5 7. Nc3 h6 8. a4 b4
9. Nd5 Na5 10. Ba2 Nxd5 11. Bxd5 c6 12. Ba2 d6 13. O-O O-O 14. h3 Be6 15. Bxe6
fxe6 16. c3 bxc3 17. bxc3 Bb6 18. Rb1 Rb8 19. Be3 Bxe3 20. fxe3 c5 21. Qe2 Qd7
22. Rxb8 Rxb8 23. d4 Qc6 24. d5 exd5 25. Nh4 Qxa4 26. Nf5 Qxe4 27. Qh5 Kh7 28.
Rf3 Rf8 29. Nxh6 g6 30. Qg5 Rxf3 31. gxf3 Qxf3 32. Ng4 Qg3+ 33. Kf1 Qf3+ 34. Ke1
Qh1+ 35. Kf2 Kg8 36. Qe7 1-0

[Event "8th Sunway Sitges 2021"]
[Site "Sitges ESP"]
[Date "2021.12.17"]
[Round "5.29"]
[White "Alexiadis, Hristos"]
[Black "Kelires, Andreas"]
[Result "1/2-1/2"]
[WhiteTitle "FM"]
[BlackTitle "GM"]
[WhiteElo "2285"]
[BlackElo "2543"]
[WhiteFideId "4249623"]
[BlackFideId "5900727"]
[EventDate "2021.12.13"]

1. e4 e5 2. Nf3 Nc6 3. Bb5 a6 4. Ba4 Nf6 5. O-O Be7 6. Re1 b5 7. Bb3 d6 8. c3
O-O 9. h3 Bb7 10. d3 Re8 11. Ng5 Rf8 12. Nf3 Re8 13. Ng5 Rf8 14. Nf3 Re8 1/2-1/2

[Event "8th Sunway Sitges 2021"]
[Site "Sitges ESP"]
[Date "2021.12.17"]
[Round "5.30"]
[White "Narciso Dublan, Marc"]
[Black "Van Dael, Siem"]
[Result "1/2-1/2"]
[WhiteTitle "GM"]
[BlackTitle "FM"]
[WhiteElo "2519"]
[BlackElo "2300"]
[WhiteFideId "2201500"]
[BlackFideId "1049771"]
[EventDate "2021.12.13"]

1. e4 c5 2. Nc3 e6 3. Nge2 Nc6 4. d4 cxd4 5. Nxd4 Nf6 6. Ndb5 d6 7. Bf4 e5 8.
Bg5 a6 9. Na3 b5 10. Nd5 Be7 11. Nxe7 Nxe7 12. f3 d5 13. exd5 Qxd5 14. Qxd5
Nexd5 15. c4 bxc4 16. Nxc4 O-O 17. Be2 Nf4 18. Bxf4 exf4 19. Kf2 Be6 20. Rhd1
Rab8 21. b3 Nd5 22. Rd4 Rb4 23. Rad1 Nc3 24. R1d2 g5 25. Bf1 a5 26. h4 h6 27.
hxg5 hxg5 28. Nxa5 Rxd4 29. Rxd4 Ra8 30. b4 Nxa2 31. Nc6 Nc3 32. Rd8+ Rxd8 33.
Nxd8 Bd5 34. Ke1 Kf8 35. Kd2 Na2 36. b5 Ke7 37. Nc6+ Bxc6 38. bxc6 Nb4 39. Bb5
Kd6 40. Kc3 Nxc6 41. Bxc6 Kxc6 42. Kc4 Kd6 43. Kd4 Ke6 44. Ke4 Kf6 45. Kd5 Kf5
46. Kd6 g4 47. Kd5 Kg5 48. Ke5 gxf3 1/2-1/2

[Event "8th Sunway Sitges 2021"]
[Site "Sitges ESP"]
[Date "2021.12.17"]
[Round "5.31"]
[White "Dalaud, Dorian"]
[Black "Vrolijk, Liam"]
[Result "1/2-1/2"]
[WhiteTitle "FM"]
[BlackTitle "IM"]
[WhiteElo "2275"]
[BlackElo "2473"]
[WhiteFideId "36093270"]
[BlackFideId "1048333"]
[EventDate "2021.12.13"]

1. e4 e5 2. Nf3 Nc6 3. Bb5 a6 4. Bxc6 dxc6 5. Nc3 f6 6. d4 exd4 7. Qxd4 Qxd4 8.
Nxd4 Bd7 9. Be3 O-O-O 10. f3 h5 11. h4 Nh6 12. Kf2 Nf7 13. Rad1 Ne5 14. b3 g6
15. Nde2 Bb4 16. Na4 b6 17. Nb2 Be6 18. Nf4 Bf7 19. Rxd8+ Rxd8 20. Rd1 Rxd1 21.
Nxd1 Kd7 22. Nb2 a5 23. Nbd3 Nxd3+ 24. Nxd3 Bc3 25. Ke2 c5 26. Bd2 Bxd2 27. Kxd2
c4 28. Nb2 cxb3 29. axb3 Kd6 30. Kc3 b5 31. Kd3 Be8 32. f4 Bc6 33. Kd4 Bd7 34.
c4 c5+ 35. Kc3 b4+ 36. Kd3 Bg4 37. g3 Bd7 38. Ke3 Bg4 1/2-1/2

[Event "8th Sunway Sitges 2021"]
[Site "Sitges ESP"]
[Date "2021.12.17"]
[Round "5.32"]
[White "Defromont, Benjamin"]
[Black "Kacharava, Nikolozi"]
[Result "0-1"]
[WhiteTitle "FM"]
[BlackTitle "IM"]
[WhiteElo "2250"]
[BlackElo "2469"]
[WhiteFideId "36068829"]
[BlackFideId "13611860"]
[EventDate "2021.12.13"]

1. e4 c5 2. Nf3 e6 3. d4 cxd4 4. Nxd4 Nc6 5. Nc3 Qc7 6. g3 a6 7. Bg2 Nf6 8. O-O
Nxd4 9. Qxd4 Bc5 10. Bf4 d6 11. Qd2 h6 12. Rad1 e5 13. Be3 Be6 14. Bxc5 dxc5 15.
f4 O-O 16. f5 Bc4 17. Rfe1 Rad8 18. Qe3 Rd4 19. a4 a5 20. b3 Ba6 21. Nd5 Qd6 22.
Nxf6+ Qxf6 23. c3 Rxd1 24. Rxd1 Rd8 25. Bf3 Rxd1+ 26. Bxd1 c4 27. bxc4 Qd6 28.
Be2 Qa3 29. f6 Qxa4 30. Qc5 gxf6 31. Qc8+ Kg7 32. Qg4+ Kh7 33. Qf5+ Kg7 34. Qg4+
Kf8 35. Qc8+ Qe8 36. Qc5+ Kg7 37. Qxa5 Qc6 38. Qd5 Qb6+ 39. Kg2 Qb2 40. Qd3 b6
41. h4 Bc8 42. Qe3 Bg4 43. Kf1 Qb1+ 44. Kf2 Bd7 45. Qd3 Qxd3 46. Bxd3 Kf8 47.
Ke3 Ke7 48. c5 bxc5 49. Bc4 Be6 50. Bxe6 fxe6 51. g4 h5 52. gxh5 Kf7 53. Kd3 f5
54. Kc4 f4 0-1

[Event "8th Sunway Sitges 2021"]
[Site "Sitges ESP"]
[Date "2021.12.17"]
[Round "5.33"]
[White "Nestorovic, Nikola"]
[Black "Luque Saiz, Andres"]
[Result "1-0"]
[WhiteTitle "GM"]
[BlackTitle "FM"]
[WhiteElo "2467"]
[BlackElo "2288"]
[WhiteFideId "934526"]
[BlackFideId "24510793"]
[EventDate "2021.12.13"]

1. e4 c6 2. Nf3 d5 3. e5 c5 4. c4 d4 5. d3 Nc6 6. g3 f6 7. Qe2 Bg4 8. h3 Bxf3 9.
Qxf3 fxe5 10. Bg2 Nf6 11. Nd2 g6 12. h4 Bg7 13. a3 Qa5 14. Qe2 O-O 15. O-O Qc7
16. Rb1 a5 17. Ne4 Nxe4 18. Bxe4 e6 19. h5 Ne7 20. b4 cxb4 21. axb4 a4 22. Qg4
Rf5 23. hxg6 hxg6 24. Bxf5 exf5 25. Qf3 Qc6 26. Qe2 b5 27. Bg5 Kf7 28. cxb5 Qxb5
29. Bxe7 Kxe7 30. Rfc1 a3 31. Rc7+ Kf6 32. Rc5 Qe8 33. b5 Bf8 34. Rc6+ Kg7 35.
Rc7+ Kf6 36. Rc6+ Kg7 37. Ra6 Rxa6 38. bxa6 Bc5 39. a7 Qa4 40. Qxe5+ 1-0

[Event "8th Sunway Sitges 2021"]
[Site "Sitges ESP"]
[Date "2021.12.17"]
[Round "5.34"]
[White "Aditya, Mittal"]
[Black "Aranha Filho, Alvaro Z."]
[Result "1-0"]
[WhiteTitle "IM"]
[BlackTitle "FM"]
[WhiteElo "2459"]
[BlackElo "2283"]
[WhiteFideId "35042025"]
[BlackFideId "2103931"]
[EventDate "2021.12.13"]

1. d4 Nf6 2. c4 e6 3. Nf3 Bb4+ 4. Nbd2 O-O 5. a3 Be7 6. e4 d6 7. Be2 Nbd7 8. O-O
c5 9. d5 e5 10. b3 g6 11. Ne1 Ne8 12. Bb2 f5 13. f4 exf4 14. exf5 gxf5 15. Nd3
Bf6 16. Bxf6 Qxf6 17. Nxf4 Ng7 18. Nf3 Ne5 19. Qd2 Bd7 20. g3 b6 21. Nh4 Rae8
22. Qc3 Ng6 23. Qxf6 Rxf6 24. Nhg2 Rf7 25. Kf2 Rb8 26. b4 Ne8 27. Nh5 Nf6 28.
Nxf6+ Rxf6 29. Ke3 Rff8 30. Kd2 b5 31. bxc5 dxc5 32. cxb5 Bxb5 33. Bxb5 Rxb5 34.
Rfb1 Rxb1 35. Rxb1 Rd8 36. Ne3 f4 37. gxf4 Nxf4 38. Rg1+ Kh8 39. Rg5 Re8 40. d6
Rd8 41. Nc4 Ne6 42. Re5 Nd4 43. Kd3 Nb5 44. Rd5 Kg7 45. a4 Nd4 46. Rxc5 Ne6 47.
Ra5 Rd7 48. Ke4 Nd8 49. Kd5 Kf6 50. h4 Kf5 51. Rc5 Ne6 52. Rc8 Rg7 53. Ne3+ Kf6
54. Re8 Nf4+ 55. Kc6 Ne6 56. d7 Nd4+ 57. Kd6 1-0

[Event "8th Sunway Sitges 2021"]
[Site "Sitges ESP"]
[Date "2021.12.17"]
[Round "5.35"]
[White "Ayats Llobera, Gerard"]
[Black "Lever, Erwan"]
[Result "1-0"]
[WhiteTitle "IM"]
[WhiteElo "2448"]
[BlackElo "2268"]
[WhiteFideId "32067607"]
[BlackFideId "20640099"]
[EventDate "2021.12.13"]

1. e4 c5 2. Nf3 e6 3. d4 cxd4 4. Nxd4 Nc6 5. Nc3 Qc7 6. Be3 a6 7. Qf3 Ne5 8. Qg3
b5 9. Be2 b4 10. Na4 Nf6 11. Nf3 Nxf3+ 12. Bxf3 Qxg3 13. hxg3 Bb7 14. Nb6 Rd8
15. e5 Ne4 16. O-O-O d5 17. Bxe4 dxe4 18. Rxd8+ Kxd8 19. Rd1+ Bd5 20. Nxd5 exd5
21. Rxd5+ Kc7 22. Rd4 Be7 23. Rxe4 Re8 24. Rf4 f6 25. exf6 Bxf6 26. Rxb4 1-0

[Event "8th Sunway Sitges 2021"]
[Site "Sitges ESP"]
[Date "2021.12.17"]
[Round "5.36"]
[White "Mohammad, Nubairshah Shaikh"]
[Black "Utsab, Chatterjee"]
[Result "1/2-1/2"]
[WhiteTitle "IM"]
[WhiteElo "2429"]
[BlackElo "2255"]
[WhiteFideId "5053196"]
[BlackFideId "46609148"]
[EventDate "2021.12.13"]

1. Nf3 d5 2. d4 Nf6 3. c4 e6 4. g3 Be7 5. Bg2 O-O 6. O-O dxc4 7. Qc2 Bd7 8. Qxc4
Bc6 9. Bg5 Bd5 10. Qc2 Be4 11. Qc1 Nc6 12. e3 Nb4 13. Nc3 Bc6 14. Rd1 a5 15. h4
Qe8 16. b3 h6 17. Bxf6 Bxf6 18. e4 Qb8 19. g4 Be7 20. Qf4 Rd8 21. g5 h5 22. g6
fxg6 23. Bh3 Bd7 24. Ne5 Be8 25. Bxe6+ Kh7 26. Nf3 c6 27. e5 Bd7 28. Ne4 Bxe6
29. Neg5+ Bxg5 30. Nxg5+ Kg8 31. Nxe6 Re8 32. Nc5 Qc7 33. Rac1 Qe7 34. Qg5 Qf7
35. Rc3 Rf8 36. Rd2 Nd5 37. Rg3 Nf4 38. e6 1/2-1/2

[Event "8th Sunway Sitges 2021"]
[Site "Sitges ESP"]
[Date "2021.12.17"]
[Round "5.37"]
[White "Garcia Ramos, Daniel"]
[Black "Sihite, Chelsie Monica Ignesias"]
[Result "1-0"]
[WhiteTitle "FM"]
[BlackTitle "WIM"]
[WhiteElo "2428"]
[BlackElo "2252"]
[WhiteFideId "32010311"]
[BlackFideId "7101198"]
[EventDate "2021.12.13"]

1. c4 Nf6 2. Nf3 e6 3. g3 d5 4. Bg2 Be7 5. O-O O-O 6. d4 dxc4 7. Qc2 a5 8. Qxc4
a4 9. Nc3 Nd5 10. e4 Nb6 11. Qe2 a3 12. b3 Bb4 13. Qc2 c5 14. dxc5 N6d7 15. Na4
e5 16. Be3 Nc6 17. Rfd1 Rxa4 18. bxa4 Qa5 19. Rac1 Nf6 20. h3 h6 21. Nd2 Be6 22.
Nc4 Bxc4 23. Qxc4 Qxa4 24. Rb1 Ra8 25. Rd6 b5 26. Qb3 1-0

[Event "8th Sunway Sitges 2021"]
[Site "Sitges ESP"]
[Date "2021.12.17"]
[Round "5.38"]
[White "Tuomainen, Felix"]
[Black "Stoyanov, Tsvetan"]
[Result "0-1"]
[WhiteTitle "FM"]
[BlackTitle "FM"]
[WhiteElo "2249"]
[BlackElo "2424"]
[WhiteFideId "1720813"]
[BlackFideId "2917173"]
[EventDate "2021.12.13"]

1. d4 Nf6 2. c4 e6 3. Nf3 d5 4. Nc3 dxc4 5. e4 b5 6. e5 Nd5 7. Nxb5 Nb6 8. Be2
Nc6 9. Be3 Be7 10. a3 Na5 11. Qc2 Qd7 12. Nc3 Bb7 13. Rd1 h6 14. h4 Rb8 15. Rh3
Bc6 16. d5 Nxd5 17. Nxd5 Bxd5 18. Rg3 g5 19. Nd2 Qc6 20. Qc3 Nb3 21. Nxc4 gxh4
22. Rg4 h5 23. Rf4 Bg5 24. Bf3 Bxf4 25. Bxd5 exd5 26. Nd6+ Kd7 27. e6+ fxe6 28.
Qg7+ Kxd6 29. Bxf4+ Kc5 30. Qc3+ Kb6 31. Qxb3+ Ka6 32. Qe3 Rb6 33. Rc1 Qa4 34.
b4 Rc6 35. Rb1 Kb7 36. Kf1 Qc2 37. Re1 Rf8 38. Kg1 Rc4 39. Bh6 Rf6 40. Bg5 Rf5 0-1

[Event "8th Sunway Sitges 2021"]
[Site "Sitges ESP"]
[Date "2021.12.17"]
[Round "5.39"]
[White "Molina, Roberto Junio Brito"]
[Black "Samoun, Florent"]
[Result "1/2-1/2"]
[WhiteTitle "IM"]
[BlackTitle "FM"]
[WhiteElo "2420"]
[BlackElo "2247"]
[WhiteFideId "2109450"]
[BlackFideId "664995"]
[EventDate "2021.12.13"]

1. d4 d5 2. c4 c6 3. Nf3 Nf6 4. Nc3 e6 5. e3 Nbd7 6. Be2 Be7 7. O-O O-O 8. b3 b6
9. Bb2 Bb7 10. Rc1 c5 11. cxd5 Nxd5 12. Nxd5 Bxd5 13. Bd3 cxd4 14. Nxd4 Nc5 15.
Bb1 Qe8 16. Nf5 exf5 17. Qxd5 g6 18. Qf3 Bd6 19. Rfd1 Be5 20. Ba3 Qe7 21. Rd5
Rac8 22. g3 Rfd8 23. e4 fxe4 24. Bxe4 Bd4 25. Rxd8+ Rxd8 26. Bc2 Kg7 27. Rd1 Bf6
28. Rxd8 Qxd8 29. Qe2 Ne6 30. Bd3 Qd4 31. Bc4 Ng5 32. Qe8 Qd1+ 33. Kg2 Qf3+ 34.
Kf1 Qh1+ 35. Ke2 Qf3+ 36. Kf1 Qh1+ 37. Ke2 Qf3+ 1/2-1/2

[Event "8th Sunway Sitges 2021"]
[Site "Sitges ESP"]
[Date "2021.12.17"]
[Round "5.40"]
[White "Toncheva, Nadya"]
[Black "Pantzar, Milton"]
[Result "1-0"]
[WhiteTitle "FM"]
[BlackTitle "IM"]
[WhiteElo "2197"]
[BlackElo "2420"]
[WhiteFideId "2924056"]
[BlackFideId "1721003"]
[EventDate "2021.12.13"]

1. e4 e5 2. Nf3 Nc6 3. Bb5 a6 4. Ba4 Nf6 5. O-O Be7 6. Re1 b5 7. Bb3 Bb7 8. c3
d5 9. exd5 Nxd5 10. Nxe5 Nxe5 11. Rxe5 c5 12. d4 c4 13. Bc2 O-O 14. Nd2 Nf4 15.
Nf3 Ng6 16. Re1 Qc7 17. Be4 Bd6 18. Bxb7 Qxb7 19. Qc2 Rfe8 20. Bd2 Qd5 21. Rad1
f6 22. Bc1 Kf7 23. h3 Rxe1+ 24. Rxe1 Re8 25. Rxe8 Kxe8 26. Kf1 Kf7 27. Be3 h6
28. Nd2 f5 29. Nf3 Ne7 30. Bc1 Ng8 31. Qe2 Nf6 32. Ng1 g5 33. h4 f4 34. hxg5
hxg5 35. Qc2 Qe4 36. Qxe4 Nxe4 37. f3 Nf6 38. Nh3 Kg6 39. g3 Nd5 40. gxf4 gxf4
41. Nf2 Be7 42. Ne4 Kf5 43. Ke2 a5 44. b3 a4 45. bxc4 bxc4 46. Bd2 Ke6 47. Be1
Kd7 48. Bf2 Ke6 49. Kd1 Kd7 50. Kc2 Kc6 51. Nd2 Kb5 52. Nb1 Kc6 53. Kb2 Kb5 54.
Be1 Kc6 55. Bd2 Bd6 56. Kc2 Be7 57. Bc1 Bd6 58. Kd2 Be7 59. Ba3 Bd6 60. Bxd6
Kxd6 61. Kc2 Ne3+ 62. Kb2 Kc6 63. Nd2 Nd1+ 64. Kc2 Ne3+ 65. Kc1 Kb5 66. Ne4 Kc6
67. Kd2 Kb5 68. Ke2 Kc6 69. Kf2 Kd5 70. Kg1 Nc2 71. Kg2 Ne1+ 72. Kf2 Nd3+ 73.
Ke2 Nc1+ 74. Kd2 Nxa2 75. Kc2 a3 76. Nf6+ Ke6 77. Nh5 Nxc3 78. Kxc3 a2 79. Kb2
Kd5 80. Nxf4+ Kxd4 81. Ng2 Kd3 82. Kxa2 Kd2 83. Kb1 c3 84. Ne1 1-0

[Event "8th Sunway Sitges 2021"]
[Site "Sitges ESP"]
[Date "2021.12.17"]
[Round "5.41"]
[White "Cuhendi, Sean Winshand"]
[Black "Rakshitta, Ravi"]
[Result "1-0"]
[WhiteTitle "IM"]
[BlackTitle "WIM"]
[WhiteElo "2419"]
[BlackElo "2240"]
[WhiteFideId "7101554"]
[BlackFideId "25073230"]
[EventDate "2021.12.13"]

1. d4 Nf6 2. Bf4 g6 3. Nc3 d5 4. e3 Bg7 5. h4 h5 6. Nf3 O-O 7. Qd2 c5 8. Ne5
cxd4 9. exd4 Nc6 10. f3 Bf5 11. Nd1 Nd7 12. Nxc6 bxc6 13. Ne3 c5 14. Nxf5 gxf5
15. Bh6 Qb6 16. Bxg7 Kxg7 17. Qg5+ Qg6 18. O-O-O Qxg5+ 19. hxg5 Kg6 20. dxc5 e6
21. c6 Nc5 22. Rd4 a5 23. Rdh4 Rh8 24. g4 fxg4 25. fxg4 Kxg5 26. gxh5 f5 27.
R4h2 Kh6 28. Bb5 Rhg8 29. Rd1 Rab8 30. c4 Rb6 31. b3 f4 32. Rf2 Rf8 33. c7 Kg5
34. Rxf4 Nd3+ 35. Rxd3 Kxf4 36. Bd7 Ke4 37. Rh3 dxc4 38. Rh4+ Kd5 39. bxc4+ Kd6
40. c8=Q Rxc8 41. Bxc8 1-0

[Event "8th Sunway Sitges 2021"]
[Site "Sitges ESP"]
[Date "2021.12.17"]
[Round "5.42"]
[White "Gines Esteo, Pedro Antonio"]
[Black "Citra, Dewi Ardhiani Anastasia"]
[Result "1-0"]
[WhiteTitle "IM"]
[BlackTitle "WIM"]
[WhiteElo "2413"]
[BlackElo "2238"]
[WhiteFideId "32080190"]
[BlackFideId "7101244"]
[EventDate "2021.12.13"]

1. Nf3 Nf6 2. c4 g6 3. Nc3 d6 4. e4 Nbd7 5. d4 e5 6. Be2 Bg7 7. O-O O-O 8. d5
Nc5 9. Qc2 a5 10. Ne1 Ne8 11. Nd3 f5 12. exf5 Bxf5 13. Be3 b6 14. Qd2 Nf6 15. f3
Rf7 16. Nf2 Qf8 17. Rae1 Kh8 18. Bd1 Ng8 19. g4 Bc8 20. Nfe4 Nxe4 21. fxe4 Ba6
22. Rxf7 Qxf7 23. Rf1 Qe7 24. g5 Rf8 25. Rxf8 Qxf8 26. b3 h6 27. h4 h5 28. Qf2
Qxf2+ 29. Kxf2 Bf8 30. Be2 Be7 31. c5 Bxe2 32. cxd6 Bxd6 33. Kxe2 Ne7 34. Nb5
Nc8 35. Bf2 Kg8 36. Bg3 Kf7 37. Nxd6+ Nxd6 38. Kd3 Nb7 39. Bxe5 Nc5+ 40. Kd4 Na6
41. a3 Ke7 42. b4 axb4 43. axb4 b5 44. Kc3 Kd7 45. Bf4 Kd8 46. e5 Ke7 47. Be3
Kd7 48. e6+ Ke7 49. Bc5+ Ke8 50. Kd4 Kd8 51. Ke5 Ke8 52. d6 Nxc5 53. bxc5 c6 54.
Kf6 b4 55. e7 Kd7 56. Kf7 Kc8 57. e8=Q+ 1-0

[Event "8th Sunway Sitges 2021"]
[Site "Sitges ESP"]
[Date "2021.12.17"]
[Round "5.43"]
[White "Fernandez Guillen, Ernesto J."]
[Black "Crevatin, Leo"]
[Result "1/2-1/2"]
[WhiteTitle "IM"]
[BlackTitle "CM"]
[WhiteElo "2411"]
[BlackElo "2238"]
[WhiteFideId "3512428"]
[BlackFideId "1726307"]
[EventDate "2021.12.13"]

1. e4 c6 2. d4 d5 3. e5 Bf5 4. c3 e6 5. Bd3 Ne7 6. Ne2 c5 7. O-O Nbc6 8. Be3
Bxd3 9. Qxd3 Nf5 10. Nd2 Be7 11. g4 Nxe3 12. fxe3 Qb6 13. Ng3 Qxb2 14. Rab1 Qxa2
15. Rxb7 c4 16. Qe2 O-O 17. Rf2 Qa1+ 18. Kg2 Qxc3 19. Qf3 f6 20. Nde4 dxe4 21.
Nxe4 Nxd4 22. exd4 Qxf3+ 23. Rxf3 Rf7 24. Rc3 fxe5 25. Rxc4 Bf6 26. Rxf7 Kxf7
27. Rc7+ Kg6 28. h4 Bxh4 29. dxe5 a5 30. Nc5 Re8 31. Ra7 Be1 32. Ra6 Kf7 33. Ne4
Bb4 34. Ng5+ Kg8 35. Kf3 Bc3 36. Ke4 a4 37. Nxe6 Bb2 38. Kf5 a3 39. Ra7 Kh8 40.
g5 Rg8 41. Ke4 Re8 42. Kd5 h5 43. g6 h4 44. Ng5 Rxe5+ 45. Kd6 Re8 46. Ra4 Kg8
47. Nf7 Bc1 48. Rxh4 Bh6 49. Ra4 Bc1 50. Kd7 Rf8 51. Ke7 Rb8 52. Ra6 Bb2 53. Ke6
Re8+ 54. Kd5 Kf8 55. Ra7 Re7 56. Ra8+ Re8 57. Ra7 Re7 58. Ra4 Re8 59. Nd6 Re5+
60. Kc6 Ke7 61. Nc4 Re6+ 62. Kd5 Rxg6 63. Ra7+ Kf6 64. Nxa3 Bxa3 65. Rxa3 Rg5+
66. Ke4 Rf5 67. Ra8 Kg5 68. Ra1 g6 69. Rg1+ Kf6 70. Ra1 Rf2 71. Ke3 Rf5 72. Ke4
Kg7 73. Rh1 Rf8 74. Rg1 Ra8 75. Kf4 Kf6 76. Rb1 Ra4+ 77. Kg3 Kg5 78. Rb5+ Kh6
79. Rc5 g5 80. Rc8 1/2-1/2

[Event "8th Sunway Sitges 2021"]
[Site "Sitges ESP"]
[Date "2021.12.17"]
[Round "5.44"]
[White "Sharan, Rao"]
[Black "Sukandar, Irine Kharisma"]
[Result "1-0"]
[BlackTitle "IM"]
[WhiteElo "2179"]
[BlackElo "2407"]
[WhiteFideId "5073464"]
[BlackFideId "7101937"]
[EventDate "2021.12.13"]

1. Nf3 Nf6 2. b3 c5 3. Bb2 g6 4. e3 Bg7 5. Be2 O-O 6. O-O d5 7. d4 cxd4 8. exd4
Nc6 9. c4 Bg4 10. Nbd2 Rc8 11. Ne5 Bxe2 12. Qxe2 dxc4 13. Nxc6 Rxc6 14. bxc4 Nh5
15. Nb3 Nf4 16. Qe4 Qc7 17. g3 Ne6 18. c5 f5 19. Qe2 Ng5 20. d5 Bxb2 21. Qxb2
Rcf6 22. f4 Ne4 23. Rac1 Rd8 24. Rfd1 Ra6 25. Nd4 Rxd5 26. Qb3 Nf6 27. Nb5 Qc6
28. Nc3 e6 29. Nxd5 Nxd5 30. Rc4 Ra5 31. Rdc1 Rb5 32. Qf3 Rb2 33. R4c2 Rb4 34.
Re1 Rb5 35. Rce2 Qxc5+ 36. Qf2 Qxf2+ 37. Kxf2 Nc3 38. Rxe6 Kg7 39. Re7+ Kh6 40.
Rc1 Ne4+ 41. Kf3 Nc5 42. h3 Ra5 43. g4 g5 44. gxf5 gxf4 45. Kg4 b6 46. Rd1 1-0

[Event "8th Sunway Sitges 2021"]
[Site "Sitges ESP"]
[Date "2021.12.17"]
[Round "5.45"]
[White "Hess, Max"]
[Black "Benmesbah, Natacha"]
[Result "1-0"]
[WhiteTitle "FM"]
[BlackTitle "WIM"]
[WhiteElo "2404"]
[BlackElo "2221"]
[WhiteFideId "24656666"]
[BlackFideId "642002"]
[EventDate "2021.12.13"]

1. d4 d6 2. Nf3 Nf6 3. g3 g6 4. Bg2 Bg7 5. O-O O-O 6. b3 Ne4 7. Bb2 c5 8. Nbd2
d5 9. c4 Nxd2 10. Qxd2 dxc4 11. bxc4 cxd4 12. Rfd1 Qc7 13. Nxd4 Qxc4 14. Rac1
Qa6 15. Rc7 e5 16. Nb3 Nc6 17. Ba1 Qb6 18. Qd6 Be6 19. Bxc6 bxc6 20. Nc5 Bh3 21.
Bxe5 Bxe5 22. Qxe5 Rae8 23. Re7 Rxe7 24. Qxe7 Qb2 25. Ne4 Kg7 26. Ng5 Qc2 27.
Qd6 Be6 28. Qe5+ Kg8 29. Ne4 f5 30. Nc3 Bxa2 31. Ra1 Bf7 32. Rxa7 Qb3 33. Rc7
Qe6 34. Qf4 Rd8 35. h4 h5 36. Qb4 Qf6 37. Qb7 Bd5 38. Nxd5 cxd5 39. Rc6 Qf7 40.
Rc7 Qf6 41. Rc6 Qf7 42. Qb6 1-0

[Event "8th Sunway Sitges 2021"]
[Site "Sitges ESP"]
[Date "2021.12.17"]
[Round "5.46"]
[White "Fisabilillah, Ummi"]
[Black "Ali, Muhammad Lutfi"]
[Result "1/2-1/2"]
[WhiteTitle "WIM"]
[BlackTitle "IM"]
[WhiteElo "2159"]
[BlackElo "2399"]
[WhiteFideId "7104804"]
[BlackFideId "7103743"]
[EventDate "2021.12.13"]

1. e4 g6 2. d4 Bg7 3. Nf3 c6 4. Nc3 d5 5. h3 dxe4 6. Nxe4 Nf6 7. Bd3 Nxe4 8.
Bxe4 Nd7 9. O-O O-O 10. Be3 c5 11. c3 cxd4 12. Nxd4 Nf6 13. Bf3 a6 14. a4 e5 15.
Nb3 e4 16. Be2 Nd5 17. Bd4 Nf4 18. Bxg7 Kxg7 19. Qd4+ Qxd4 20. Nxd4 Nxe2+ 21.
Nxe2 Be6 22. Rfd1 Rfd8 23. Nd4 Bd5 24. Rd2 Kf6 25. Kf1 Bc4+ 26. Ke1 Ke7 27. Rad1
f5 28. b3 Bf7 29. c4 Kf6 30. Nc2 Rxd2 31. Rxd2 Be6 1/2-1/2